<?xml version="1.0" encoding="UTF-8"?><?xml-stylesheet type="text/xsl" href="static/style.xsl"?><OAI-PMH xmlns="http://www.openarchives.org/OAI/2.0/" xmlns:xsi="http://www.w3.org/2001/XMLSchema-instance" xsi:schemaLocation="http://www.openarchives.org/OAI/2.0/ http://www.openarchives.org/OAI/2.0/OAI-PMH.xsd"><responseDate>2026-04-13T04:14:30Z</responseDate><request verb="GetRecord" identifier="oai:www.recercat.cat:10256/10606" metadataPrefix="marc">https://recercat.cat/oai/request</request><GetRecord><record><header><identifier>oai:recercat.cat:10256/10606</identifier><datestamp>2024-06-14T09:53:10Z</datestamp><setSpec>com_2072_452955</setSpec><setSpec>com_2072_2054</setSpec><setSpec>col_2072_453066</setSpec></header><metadata><record xmlns="http://www.loc.gov/MARC21/slim" xmlns:dcterms="http://purl.org/dc/terms/" xmlns:xsi="http://www.w3.org/2001/XMLSchema-instance" xmlns:doc="http://www.lyncode.com/xoai" xsi:schemaLocation="http://www.loc.gov/MARC21/slim http://www.loc.gov/standards/marcxml/schema/MARC21slim.xsd">
   <leader>00925njm 22002777a 4500</leader>
   <datafield ind2=" " ind1=" " tag="042">
      <subfield code="a">dc</subfield>
   </datafield>
   <datafield ind2=" " ind1=" " tag="720">
      <subfield code="a">Padullés Cubino, Josep</subfield>
      <subfield code="e">author</subfield>
   </datafield>
   <datafield ind2=" " ind1=" " tag="720">
      <subfield code="a">Vila Subirós, Josep</subfield>
      <subfield code="e">author</subfield>
   </datafield>
   <datafield ind2=" " ind1=" " tag="720">
      <subfield code="a">Barriocanal Lozano, Carles</subfield>
      <subfield code="e">author</subfield>
   </datafield>
   <datafield ind2=" " ind1=" " tag="260">
      <subfield code="c">2015</subfield>
   </datafield>
   <datafield ind2=" " ind1=" " tag="520">
      <subfield code="a">Urban ecology examines processes and interactions between urban ecosystems and their biophysical and immediate human environment. These ecosystems host vegetated areas with high levels of biodiversity and also provide several goods and services to society. The purpose of this study is to develop a theoretical framework based on a review of relevant literature on urban ecology and urban vegetation. A scenario that allows an integrative approach to urban ecosystems and especially to domestic gardens is developed</subfield>
   </datafield>
   <datafield ind2=" " ind1=" " tag="520">
      <subfield code="a">La ecología urbana analiza los procesos y las interacciones de los ecosistemas urbanos con su entorno biofísico y humano más inmediato. Estos ecosistemas albergan altos niveles de biodiversidad a la vez que proporcionan bienes y servicios a la sociedad. El propósito de este estudio es elaborar un marco teórico a partir de la revisión bibliográfica de algunos de los trabajos más relevantes sobre ecología y vegetación urbana. De este modo se articula un escenario que permite acercarse a las áreas verdes urbanas, y en concreto a los jardines domésticos, desde una perspectiva más integradora</subfield>
   </datafield>
   <datafield ind2=" " ind1=" " tag="520">
      <subfield code="a">Nombre del proyecto: «Nuevas pautas de consumo y gestión del agua en espacios urbanoturísticos de baja&#xd;
densidad. el caso de la Costa Brava (Gerona)». Ref: CSO2010-17488. Entidad financiadora: Ministerio de Ciencia&#xd;
e Innovación. Investigador principal: Anna Ribas Palom. Josep Padullés Cubino dispone de una beca tipo FPI para&#xd;
realizar su PhD. Ref: BES-2011-046475</subfield>
   </datafield>
   <datafield ind1="8" ind2=" " tag="024">
      <subfield code="a">http://hdl.handle.net/10256/10606</subfield>
   </datafield>
   <datafield tag="653" ind2=" " ind1=" ">
      <subfield code="a">Ecologia urbana</subfield>
   </datafield>
   <datafield tag="653" ind2=" " ind1=" ">
      <subfield code="a">Biodiversitat</subfield>
   </datafield>
   <datafield tag="653" ind2=" " ind1=" ">
      <subfield code="a">Urban ecology</subfield>
   </datafield>
   <datafield tag="653" ind2=" " ind1=" ">
      <subfield code="a">Biodiversity</subfield>
   </datafield>
   <datafield tag="653" ind2=" " ind1=" ">
      <subfield code="a">Ecologia dels jardins</subfield>
   </datafield>
   <datafield tag="653" ind2=" " ind1=" ">
      <subfield code="a">Garden ecology</subfield>
   </datafield>
   <datafield ind2="0" ind1="0" tag="245">
      <subfield code="a">Biodiversidad vegetal y ciudad: aproximaciones desde la ecología urbana</subfield>
   </datafield>
</record></metadata></record></GetRecord></OAI-PMH>